عرض عادي
عرض مارك
- Carter, Ronald,
مدخل إسم شخص
001 - رقم الضبط
- حقل الضبط: 56904
003 - معرف رقم الضبط
- حقل الضبط: OSt
005 - تاريخ ووقت أخر عملية
- حقل الضبط: 20161204084537.0
008 - عناصر بيانات ثابتة الطول
- حقل تحكم ثابت الطول: 161204|| aca||aabn | a|a d
040 ## - مصدر الفهرسة
- هيئة الفهرسة الأصلية: OSt
- وكالة الكتابة: OSt
100 ## - مدخل -- أسم شخص
- إسم شخص: Carter, Ronald,
- تواريخ مرتبطة بالاسم: 1947-
670 ## - بيانات المصدر موجوده
- الاستشهاد بالمصدر: Work cat.: (OSt)0: The Cambridge guide to teaching English to speakers of other languages /
